| 000 | 00969nam a2200253Ia 4500 | ||
|---|---|---|---|
| 003 | OSt | ||
| 005 | 20220923211145.0 | ||
| 006 | a|||||r|||| 00| 0 | ||
| 007 | ta | ||
| 008 | 220922b |||||||| |||| 00| 0 hin d | ||
| 020 |
_a8186684476 (hbk) _c200 |
||
| 024 | _a245,201 | ||
| 037 |
_b368, 11/02/2011, Swaraj Prakashan _cTextual |
||
| 040 |
_aARTS _cARTS _bhin |
||
| 041 |
_2hin _ahin |
||
| 082 | _aT.2, 152N9 | ||
| 100 |
_aरज़ा, मूनिस; सुजाता राय, अनु. _9158848 |
||
| 245 | 0 | _aशिक्षा और विकास के सामाजिक आयाम | |
| 246 | _aShikṣhā aur vikās ke sāmājik āyāma | ||
| 260 |
_aनई दिल्ली _b ग्रंथ शिल्पी _c1999 |
||
| 300 |
_a219पृ. _ccm. |
||
| 942 |
_hT.2, 152N9 _cTEXL _2CC |
||
| 999 |
_c296058 _d296058 |
||